| Tag |
First Indicator |
Second Indicator |
Subfields |
| LEADER |
00000cam a2200000 a 4500 |
| 001 |
in00000083781 |
| 005 |
20151008054310.0 |
| 008 |
750902s1974 cn b 00010 eng u |
| 035 |
|
|
|a (OCoLC)01592237
|
| 035 |
|
|
|9 AAJ0246AM
|
| 040 |
|
|
|c ULL
|d TXA
|d UtOrBLW
|
| 043 |
|
|
|a n-cn---
|
| 049 |
|
|
|a TXAM
|c [1387137]
|
| 090 |
|
|
|a HV108
|b .C65 1974
|
| 100 |
1 |
|
|a Conger, D. Stuart.
|
| 245 |
1 |
0 |
|a Social inventions /
|c D. Stuart Conger.
|
| 264 |
|
1 |
|a Prince Albert, Canada :
|b Saskatchewan NewStart,
|c [1974]
|
| 264 |
|
4 |
|c ©1974
|
| 300 |
|
|
|a 290 pages ;
|c 28 cm.
|
| 336 |
|
|
|a text
|b txt
|2 rdacontent
|
| 337 |
|
|
|a unmediated
|b n
|2 rdamedia
|
| 338 |
|
|
|a volume
|b nc
|2 rdacarrier
|
| 500 |
|
|
|a Includes bibliographies.
|
| 650 |
|
0 |
|a Social service
|z Canada.
|
| 650 |
|
0 |
|a Social problems.
|
| 650 |
|
0 |
|a Social change.
|
| 651 |
|
0 |
|a Canada
|x Social policy.
|
| 710 |
2 |
|
|a Saskatchewan NewStart Incorporated.
|
| 999 |
|
|
|a MARS
|
| 999 |
f |
f |
|s 34ce9be7-e7e1-325b-a58c-9a72d97eeaa7
|i 45dd0011-3847-346d-a038-2021af69b223
|t 0
|
| 952 |
f |
f |
|p ric
|a Texas A&M University
|b Rellis Campus
|c Joint Library Facility
|d Remote Storage
|t 0
|e HV108 .C65 1974
|h Library of Congress classification
|i unmediated -- volume
|m A14806145588
|
| 998 |
f |
f |
|a HV108 .C65 1974
|t 0
|l Remote Storage
|